000 03802nam a22004217a 4500
003 AR-RoUNCS
005 20260506141348.0
007 ta
008 241120s2021 ag |||||r|||| 00| 0 spa d
020 _a9789877024302
040 _cAR-RoUNCS
_aAR-RoUNCS
_bspa
041 _aspa
245 0 3 _aLa masculinidad incomodada /
_ccompilador Luciano Fabbri.
260 _aRosario :
_bUNR Editora,
_ci2021.
300 _a253 p. :
_bil. ;
_c21 cm.
505 0 _aLa masculinidad como proyecto político extractivista. Una propuesta de re-conceptualización / Fabbri, Luciano -- Varones atravesados por los feminismos. Desconstrucción, distancia y reforzamiento del género / Jones, Daniel y Blanco, Rafael -- ¿After chabones? Un intento de diálogo en la desorientación / Véliz, Ignacio y Castignani, Franco -- Ese deseo llamado Che Guevara. Para una crítica de la subjetivación militante en los varones cis-hetero de izquierdas en Argentina / Exposto, Emiliano -- Varones y feminismos. Entre la incomodidad, el miedo y el cinismo / Sánchez, Ariel y Vialey, Lucas Hernán -- Masculinidades en cuestión y síntomas de la solución paterna en psicoanálisis: incomodidades de una intensificación / Blestcher, Facundo -- Hacia una estrategia feminista interseccional para disputar los cuerpos masculinizados al patriarcado / Colectivo de Varones Antipatriarcales - CABA -- Con luz propia. Una posible figuración para las masculinidades lésbicas / Flores, Val -- Aborto y personas con capacidad de gestar. El problema del sujeto y los sujetos en problemas / Radi, Blas y Bassa, Ezequiel La masculinidad, ese fósil: una mirada sobre Petróleo de Piel de lava / Testa, SaSa -- El posmachismo: trampas y resistencias contra la igualdad / Lorente Acosta, Miguel -- La andrósfera / Petrocelli, Samir -- Backlash: los movimientos de varones enojados / Flood, Michael.-
520 _aLa Masculinidad en singular, en tanto conjunto de normas y mandatos que buscan regular y disciplinar a las subjetividades masculinas en el marco de un sistema de opresiones múltiples, está siendo profundamente interpelada por los activismos de mujeres, feministas, personas LBGT+, masculinidades disidentes y antipatriarcales. En este escenario, los varones cisgénero, sobre todo heterosexuales, comparten la desorientación como común denominador, oscilando entre el enojo, la resistencia y las reacciones defensivas-ofensivas, por un lado, y ensayos personales y colectivos por reconfigurar las formas de ser y estar siendo varones en tiempos de convulsión feminista, por el otro. Las masculinidades no normativaas, históricamente negadas, abyectas, empujadas a los márgenes del universo de subjetividades, cuerpos e identidades reconocidaas como masculinas, empujan las fronteras políticas y epistémicas de estos campos de estudios y activismos, apostando a una actualización reparadora. Esta compilación de contribuciones originales, diversas y heterogéneas, viene a incomodar la biblioteca de las masculinidades en Argentina y en la región.
650 7 _aFeminismo
_2embne
650 7 _aSexismo
_2embne
650 7 _aMasculinidad
_2embne
700 1 _aFabbri, Luciano
_ecompilador
_eautor
700 1 _aJones, Daniel
_eautor
700 1 _a Blanco, Rafael
_eautor
700 1 _aVéliz, Ignacio
_eautor
700 1 _aCastignani, Franco
_eautor
700 1 _aExposto, Emiliano
_eautor
700 1 _aSánchez, Ariel
_eautor
700 1 _aVialey, Lucas Hernán
_eautor
700 1 _aBlestcher, Facundo
_eautor
700 1 _aFlores, Val
_eautor
700 1 _aRadi, Blas
_eautor
700 1 _aBassa, Ezequiel
_eautor
700 1 _aTesta, SaSa
_eautor
700 1 _aLorente Acosta, Miguel
_eautor
700 1 _aPetrocelli, Samir
_eautor
700 1 _aFlood, Michael
_eautor
942 _2udc
_cOG
_n0
999 _c387
_d387